Promoting productivity in the construction industry (Record no. 86885)

MARC details
000 -LEADER
fixed length control field 00651cam a2200205 4500
008 - FIXED-LENGTH DATA ELEMENTS--GENERAL INFORMATION
fixed length control field 090401t1989 xxu||||| |||| 00| 0 eng d
020 ## - INTERNATIONAL STANDARD BOOK NUMBER
International Standard Book Number 0729209156
035 ## - SYSTEM CONTROL NUMBER
System control number (Sirsi) u11645
041 ## - LANGUAGE CODE
Language code of text/sound track or separate title eng
050 ## - LIBRARY OF CONGRESS CALL NUMBER
Classification number 338.4769
110 ## - MAIN ENTRY--CORPORATE NAME
Corporate name or jurisdiction name as entry element Construction Industry Sector Group
9 (RLIN) 1655
245 ## - TITLE STATEMENT
Title Promoting productivity in the construction industry
260 ## - PUBLICATION, DISTRIBUTION, ETC.
Place of publication, distribution, etc. London
Name of publisher, distributor, etc. National Economic Development Office
Date of publication, distribution, etc. 1989
300 ## - PHYSICAL DESCRIPTION
Extent vi,82p. ; 21cm.
350 ## - PRICE (NR) (BK AM CF MU VM SE) [OBSOLETE]
Price 26
520 ## - SUMMARY, ETC.
Summary, etc. Describes the NEDO Productivity Measurement System developed by the NEDO Productivity Working Party .
650 ## - SUBJECT ADDED ENTRY--TOPICAL TERM
Topical term or geographic name entry element BUILDING INDUSTRY
942 ## - ADDED ENTRY ELEMENTS (KOHA)
Suppress in OPAC 0
948 ## - LOCAL PROCESSING INFORMATION (OCLC); SERIES PART DESIGNATOR (RLIN)
c (OCLC) 04/03/1997
Holdings
Withdrawn status Lost status Source of classification or shelving scheme Damaged status Not for loan Home library Current library Shelving location Date acquired Cost, normal purchase price Total Checkouts Full call number Barcode Date last seen Copy number Cost, replacement price Price effective from Koha item type
    Dewey Decimal Classification     London London Basement 03/11/1993 26.00   SHELF 202 30034468 06/08/2019 1 26.00 06/08/2019 Book